Statistics for Tottenham Hotspur Greatest XI Of All Time

Click here to take the quiz!

General Stats

  • This quiz has been taken 327 times
  • The average score is 4 of 11

Answer Stats

PositionPlayer% Correct
STHarry Kane
97%
LMGareth Bale
77%
STJimmy Greaves
54%
CBLedley King
51%
CMGlenn Hoddle
31%
RMPaul Gascoigne
30%
GKPat Jennings
28%
CMDanny Blanchflower
20%
RBSteve Perryman
19%
CDMDave MacKay
12%
LBCyril Knowles
10%

Score Distribution

Percentile by Number Answered

Percent of People with Each Score

Your Score History

You have not taken this quiz